| 000 | 00415 a2200097 4500 | ||
|---|---|---|---|
| 245 | 0 | 0 |
_aUsługi i udogodnienia - Międzynarodowe klasy użytkowników usług w publicznych sieciach transmisji danych oraz sieciach cyfrowych z integracją usług (ISDN) PN-93/T-20501 / _cMP i Handlu. |
| 246 | 1 | 3 | _aPN-93/T-20501 |
| 246 | 1 | 3 | _a681.327.8:621.394.49 |
| 260 |
_aWarszawa : _bMP i Handlu, _c1993. |
||
| 300 |
_a5 stron ; _c30 cm. |
||
| 650 | _aPolska norma | ||
| 999 |
_c21494 _d21494 |
||